| 000 | 00529cam a2200193ua 4500 | ||
|---|---|---|---|
| 001 | 11911 | ||
| 008 | 191118n ii |||gr||||Z||||||eng | ||
| 020 | _a9789351776451 | ||
| 040 | _cMAIN | ||
| 082 | _a338.954 | ||
| 100 |
_aAPJ Abdul Kalam . , _eAuthor. |
||
| 245 |
_aAdvantage India : _bfrom challenge to opportunity / _cBy APJ Abdul Kalam . |
||
| 250 | _a1st ed. | ||
| 260 |
_aLondon: _bHarpercollins publishers, _c2015. |
||
| 300 | _a203p. | ||
| 653 | _aProduction | ||
| 700 |
_aSrijan Pal Singh, _eAuthor. |
||
| 942 | _cBK | ||
| 999 |
_c10699 _d10699 |
||